| 000 | 01317cam a2200361 i 4500 | ||
|---|---|---|---|
| 999 |
_c67969 _d67969 |
||
| 001 | 67969 | ||
| 003 | Mx-PuUPA | ||
| 005 | 20220302075451.0 | ||
| 008 | 190507s2016 mx a br 00| 1 spa d | ||
| 020 | _a9786072420571 | ||
| 040 |
_aMx-PuUPA _bspa _cMx-PuUPA _dMx-PuUPA _erda |
||
| 041 | 0 | _aspa | |
| 100 | 1 |
_aZepeda Montañez, Erika Marcela _98306 _d1982- _eautor |
|
| 245 | 1 | 4 |
_aUna zarigüeya en mi mochila / _cErika Zepeda ; ilustraciones de Juan Gedovius. |
| 250 | _aSegunda edición | ||
| 264 | 4 |
_aMéxico, D.F. : _bEdiciones SM, _c2016 |
|
| 300 |
_a59 páginas : _bilustraciones ; _c21 cm. |
||
| 336 |
_2rdacontent _atexto _btxt |
||
| 337 |
_2rdamedia _asin medio _bn |
||
| 338 |
_2rdacarrier _avolumen _bnc |
||
| 490 | 1 |
_aEl barco de vapor. Blanca ; _v34 M |
|
| 500 | _a"Mención especial Premio El barco de vapor 2009". -- Portada | ||
| 650 | 1 | 4 |
_aLiteratura mexicana _vFicción infantil |
| 650 | 1 | 4 |
_aZarigüeyas _xCuentos infantiles _vFicción infantil |
| 650 | 1 | 4 |
_aHumor _xLiteratura infantil |
| 700 | 1 |
_aGedovius, Juan, _eilustrador |
|
| 830 | 3 |
_aEl barco de vapor. _pBlanca ; _v34 M |
|
| 942 |
_2ddc _cLI _h808.8035234 _iB2234 |
||